Schnelle Mathematik - Zahlen im Hexadezimalsystem Level 01 - Statistiken

Allgemein
  • Dieses Quiz wurde 202 mal gespielt
  • Das Durchschnittsergebnis liegt bei 9 aus 10
Antwortstatistiken
Nummer % Korrekt
1
100%
2
96%
3
96%
4
96%
5
94%
6
92%
7
92%
8
92%
9
90%
A
56%
Keine übereinstimmenden Quizze gefunden
Verteilung der Resultate
Anzahl Personen mit jedem Resultat
Perzentil nach korrekt beantworteten Fragen
Ihre Resultats-Entwicklung
Sie haben dieses Quiz noch nicht gespielt